|
|
|
|
| LEADER |
00000nab#a22000007a#4500 |
| 001 |
arbauad004252 |
| 003 |
AR-BaUAD |
| 005 |
20250711110627.0 |
| 008 |
940425|||||||||###||||||b###|0###a|spa|| |
| 040 |
|
|
|a AR-BaUAD
|c AR-BaUAD
|b spa
|
| 245 |
1 |
0 |
|a Flowers allure
|
| 300 |
0 |
|
|b fot.
|
| 500 |
|
|
|a Con la gracia de las flores.
|
| 653 |
|
|
|a ITALIA
|
| 653 |
|
|
|a DISEÑADORES DE INDUMENTARIA
|
| 653 |
|
|
|a DISEÑO DE INDUMENTARIA
|
| 653 |
|
|
|a INDUMENTARIA FEMENINA
|
| 653 |
|
|
|a GIANNI VERSACE
|
| 653 |
|
|
|a BLUMARINE
|
| 653 |
|
|
|a DONNA KARAN
|
| 653 |
|
|
|a MAX MARA
|
| 653 |
|
|
|a DOLCE & GABBANA
|
| 653 |
|
|
|a ALMA COUTURE
|
| 653 |
|
|
|a PIANOFORTE DI MAX MARA
|
| 653 |
|
|
|a MARCAS
|
| 773 |
0 |
|
|t Vogue Italia
|g no. 512 [abr. 1993], p. 110-121
|
| 942 |
|
|
|c ARTI
|
| 952 |
|
|
|0 0
|1 0
|4 0
|7 0
|9 49172
|a AR-BAuAD
|b AR-BAuAD
|d 2025-07-11
|l 0
|p AAQA004252
|r 2025-07-11 11:06:27
|w 2025-07-11
|y ARTI
|
| 990 |
|
|
|a DT199
|b TD
|
| 998 |
|
|
|a AAQ
|b BIBUN76
|
| 999 |
|
|
|c 28845
|d 28845
|